Life lines Intermediate

Guardat en:
Dades bibliogràfiques
Format: Llibre
Idioma:Undetermined
Publicat: Oxford Oxford University Press 1999
Matèries:
Etiquetes: Afegir etiqueta
Sense etiquetes, Sigues el primer a etiquetar aquest registre!
Thư viện lưu trữ: Trung tâm Học liệu Trường Đại học Cần Thơ
LEADER 00524nam a2200205Ia 4500
001 CTU_35563
008 210402s9999 xx 000 0 und d
020 |c 74000 
082 |a 428.0071 
082 |b L722 
245 0 |a Life lines 
245 0 |b Intermediate 
245 0 |c Tom Hutchinson 
260 |a Oxford 
260 |b Oxford University Press 
260 |c 1999 
650 |a English language 
650 |x Textbooks for foreign speakers 
904 |i Minh 
980 |a Trung tâm Học liệu Trường Đại học Cần Thơ